00501nam a22001697a 450000500170000001000150001702000250003203500140005703700130007108200080008410000220009224500510011426000440016527000440020930000290025350000490028220171012115808.0 aENG-120850 c65.00a9788182569201 aEN-104382 bDBAD/PUB a250 aUpadhyaya, K. N.  aBuddhism path to nirvana /cby K. N. Upadhyaya aPunjab bRadha Soami Satsang Beasc2010 aDera Baba Jaimal SinghbPunjab e143204 axviii,386p.c23 Cm.(pbk) aIncludes Bibliographical Reference and Index